Catalog

Record Details

Catalog Search



Dinosaur king. Vol. 2 / story and art by Yohei ... Read More

Sakai, Yohei.(Author).
Schilling, Katherine.(Added Author). Christman, Annaliese.(Added Author).
Series: Vizkids

Available copies

  • 0 of 1 copy available at LARL/NWRL Consortium.

Current holds

0 current holds with 1 total copy.

Show Only Available Copies
Location Call Number / Copy Notes Barcode Shelving Location Status Due Date
Thief River Falls Public Library j SAK (Text) 35500004834758 Main Checked out 05/15/2026

Record details

  • ISBN: 9781421532547
  • ISBN: 1421532549
  • Physical Description: 186 p. : chiefly ill. ; 19 cm.
  • Edition: Viz Kids ed.
  • Publisher: San Francisco, Calif. : Viz Media, 2010, c2006.

Content descriptions

General Note:
Translated from the Japanese.
"Collectible card inside!"--Cover.
"This book reads from right to left"--P. [4] of cover.
Summary, etc.:
"King's mother is trapped somewhere in Alpha ... Read More
Target Audience Note:
"Rated A for all ages"--P. [4] of cover.
Subject: Dinosaurs > Comic books, strips, etc. > Juvenile fiction.
Time travel > Comic books, strips, etc. > Juvenile fiction.
Good and evil > Comic books, strips, etc. > Juvenile fiction.
Genre: Comic books, strips, etc.
Graphic novels.
LDR 01870cam a2200409Ia 4500
001126603
003LARL_NWRL_CONSORTIUM
00520100427064049.0
008090420s2010 caua j 6 000 1 eng d
020 . ‡a9781421532547
020 . ‡a1421532549
035 . ‡a(OCoLC)318877568
0411 . ‡aeng ‡hjpn
049 . ‡aNRG
08204. ‡a741.5/952 ‡222
1001 . ‡aSakai, Yohei. ‡0(LARL_NWRL_CONSORTIUM)217432
24510. ‡aDinosaur king. ‡nVol. 2 / ‡cstory and art by Yohei Sakai ; [translation, Katherine Schilling ; touch-up art & lettering, Annaliese Christman].
2463 . ‡aDinosaur king. ‡nVolume 2.
250 . ‡aViz Kids ed.
260 . ‡aSan Francisco, Calif. : ‡bViz Media, ‡c2010, c2006.
300 . ‡a186 p. : ‡bchiefly ill. ; ‡c19 cm.
4900 . ‡aVizkids
500 . ‡aTranslated from the Japanese.
500 . ‡a"Collectible card inside!"--Cover.
500 . ‡a"This book reads from right to left"--P. [4] of cover.
521 . ‡a"Rated A for all ages"--P. [4] of cover.
520 . ‡a"King's mother is trapped somewhere in Alpha Mountain, and it's up to Max to rescue her. But Dr. Z has set perilous traps for him at every turn! He and King are more in sync than ever with their attacks, but will it be enough to defeat the Alpha Gang and conquer Alpha Mountain?"--P. [4] of cover.
650 0. ‡aDinosaurs ‡vComic books, strips, etc. ‡vJuvenile fiction.
650 0. ‡aTime travel ‡vComic books, strips, etc. ‡vJuvenile fiction.
650 0. ‡aGood and evil ‡vComic books, strips, etc. ‡vJuvenile fiction.
655 7. ‡aComic books, strips, etc. ‡2gsafd.
655 7. ‡aGraphic novels. ‡2gsafd.
7001 . ‡aSchilling, Katherine. ‡0(LARL_NWRL_CONSORTIUM)196808
7001 . ‡aChristman, Annaliese.
901 . ‡a126603 ‡bISxN ‡c126603 ‡tbiblio

Additional Resources